000 01299cam a2200385 a 4500
001 15685705
003 EG-ScBUE
005 20220210123538.0
008 090403s2010 enk f 000 1 eng d
020 _a0099540657
020 _a9780099540656
035 _a(OCoLC)ocn313658035
040 _aDLC
_beng
_erda
_cDLC
_dBTCTA
_dYDXCP
_dC#P
_dBWX
_dVP@
_dDLC
_dEG-ScBUE
041 1 _aeng
_hger
043 _ae-gx---
082 0 4 _a833.914
_222
_bGRA
100 1 _aGrass, Günter,‏
_d1927-2015,
_eauthor.
_924173
240 1 0 _aBlechtrommel.
_lEnglish
245 1 4 _aThe tin drum /
_cGünter Grass ; translated by Breon Mitchell.
264 1 _aLondon :
_bVintage Books,
_c2010.
300 _aix, 582 pages ;
_c24 cm.
336 _2rdacontent
_atext
_btxt
337 _2rdamedia
_aunmediated
_bn
338 _2rdacarrier
_avolume
_bnc
490 0 _aVintage classics
546 _aTranslated from German.
586 _aWinner of the Nobel Prize for Literature
650 _2BUEsh
651 7 _aGermany
_xHistory
_y1945-1955
_vFiction.
_924174
_2BUEsh
653 _cMay2011
_bHHUUEENN
655 7 _aHistorical fiction.
_2gsafd
_vReading book
700 1 _aMitchell, Breon.
_etranslator.
_924176
942 _2ddc
_cBB
999 _c15413
_d15413